अछूत कौन थे और वे अछूत कैसे बने? / (Record no. 214874)

MARC details
000 -LEADER
fixed length control field 00829nam a2200181 4500
005 - DATE AND TIME OF LATEST TRANSACTION
control field 20260219114352.0
010 ## - LCCN (DPL NO)
LC control number HIN-131099
020 ## - INTERNATIONAL STANDARD BOOK NUMBER
International Standard Book Number 9363181724
Terms of availability 175.00
035 ## - SYSTEM CONTROL NUMBER
System control number HN-103445
037 ## - SOURCE OF ACQUISITION
Source of stock number/acquisition DBAD
082 ## - DEWEY DECIMAL CLASSIFICATION NUMBER
Classification number 305.42
100 ## - MAIN ENTRY--PERSONAL NAME
Personal name अम्बेडकर, भीमराव
245 ## - TITLE STATEMENT
Title अछूत कौन थे और वे अछूत कैसे बने? /
Statement of responsibility, etc भीमराव अम्बेडकर
260 ## - PUBLICATION, DISTRIBUTION, ETC. (IMPRINT)
Place of publication, distribution, etc नई दिल्ली
Name of publisher, distributor, etc डायमंड पॉकेट बुक्स (प्रा.) लि.
Date of publication, distribution, etc 2024
270 ## - ADDRESS
Address X-30 ओखला इंडस्ट्रियल एरिया, फेज-II
City नई दिल्ली
Postal code 110020
300 ## - PHYSICAL DESCRIPTION
Extent 127पृ.
Dimensions 22 सेमी (अजिल्द)
942 ## - ADDED ENTRY ELEMENTS (KOHA)
Source of classification or shelving scheme Dewey Decimal Classification
Item type Hindi Books
Classification part 305.42
Call number suffix अम्बेड
Holdings
Withdrawn status Lost status Not for loan Collection code Home library Current library Date acquired Source of acquisition Cost, normal purchase price Full call number Barcode Copy number Cost, replacement price Koha item type
      Non-fiction Patel Nagar Patel Nagar 13/02/2026 DBAD 175.00 305.42 अम्बेड HN-103445 1 175.00 Hindi Books

© Delhi Public Library
Hit Counter
free hit counter